Caste Ranking and Community Structure in live Regions of India and Pakistan (Record no. 1443886)

MARC details
000 -LEADER
fixed length control field 00628nam a2200205Ia 4500
005 - DATE AND TIME OF LATEST TRANSACTION
control field 20250923144829.0
008 - FIXED-LENGTH DATA ELEMENTS--GENERAL INFORMATION
fixed length control field 008 250917s9999 xx 000 0 eng d
037 ## - SOURCE OF ACQUISITION
Stock number Textual
040 ## - CATALOGING SOURCE
Original cataloging agency DSWL
Language of cataloging eng
Transcribing agency DSWL
041 ## - LANGUAGE CODE
Language code of text/sound track or separate title eng
Source of code eng
084 ## - COLON CLASSIFICATION NUMBER
Classification number Y592.2'N5, N60
Assigning agency DSWL
100 ## - MAIN ENTRY--PERSONAL NAME
Personal name Marriott, Mckim
9 (RLIN) 828851
245 #0 - TITLE STATEMENT
Title Caste Ranking and Community Structure in live Regions of India and Pakistan
Statement of responsibility, etc. by Mckim Marriott
260 ## - PUBLICATION, DISTRIBUTION, ETC.
Place of publication, distribution, etc. Poona
Name of publisher, distributor, etc. DeccanCollege Press Gradua
Date of publication, distribution, etc. 1960
300 ## - PHYSICAL DESCRIPTION
Extent 75p.
365 ## - TRADE PRICE
Price type code INR
Price amount 5
925 ## -
-- 5
942 ## - ADDED ENTRY ELEMENTS (KOHA)
Koha item type Textual
Classification part Y592.2'N5, N60
Holdings
Withdrawn status Lost status Damaged status Not for loan Home library Current library Date acquired Total Checkouts Full call number Barcode Date last seen Price effective from Koha item type
        Department of Social Work Library Department of Social Work Library 2025-09-23   Y592.2'N5, N60 SW0008455 2025-09-23 2025-09-23 Textual
Copyright @ Delhi University Library System